A look at current trends (Record no. 74232)

MARC details
000 -LEADER
fixed length control field 00938cab a2200205 4500
001 - CONTROL NUMBER
control field ABS67481
008 - FIXED-LENGTH DATA ELEMENTS--GENERAL INFORMATION
fixed length control field 040304n2004 000 0 eng u
035 ## - SYSTEM CONTROL NUMBER
System control number (Sirsi) u125325
100 ## - MAIN ENTRY--PERSONAL NAME
Personal name Sheridan, G.
245 #2 - TITLE STATEMENT
Title A look at current trends
260 ## - PUBLICATION, DISTRIBUTION, ETC.
Date of publication, distribution, etc. 2004
490 ## - SERIES STATEMENT
Series statement RICS Building Control
Volume/sequential designation (147) January/February 2004, 11-13(3)
520 ## - SUMMARY, ETC.
Summary, etc. Looks at various techniques and standards which have been used for smoke venting residential lobbies and fire fighting shafts, which must apply to any component in a life safety system. Issues looked at include pressurisation, three metre-squared smoke shafts, 1.5msq openings and fan assisted smoke venting. Suggests building control officers inform themselves of current trends.
590 ## - LOCAL NOTE (RLIN)
Local note ABS
650 ## - SUBJECT ADDED ENTRY--TOPICAL TERM
Topical term or geographic name entry element SMOKE VENTILATION
650 ## - SUBJECT ADDED ENTRY--TOPICAL TERM
Topical term or geographic name entry element VENTILATION
650 ## - SUBJECT ADDED ENTRY--TOPICAL TERM
Topical term or geographic name entry element MANAGEMENT-HEALTH AND SAFETY-FIRE SAFETY
690 ## - LOCAL SUBJECT ADDED ENTRY--TOPICAL TERM (OCLC, RLIN)
Topical term or geographic name as entry element BUILT ENVIRONMENT-CONSTRUCTION DESIGN
942 ## - ADDED ENTRY ELEMENTS (KOHA)
Suppress in OPAC 0
Holdings
Withdrawn status Lost status Source of classification or shelving scheme Damaged status Not for loan Home library Current library Shelving location Date acquired Total Checkouts Full call number Barcode Date last seen Copy number Price effective from Koha item type
    Dewey Decimal Classification     London London Journal article 04/03/2004   ABS67481 125325-1001 06/08/2019 1 06/08/2019 Journal article